| 000 | 01082nam a22002777a 4500 | ||
|---|---|---|---|
| 001 | 3290 | ||
| 003 | FISKH | ||
| 005 | 20250808142956.0 | ||
| 008 | 240223b cb ||||| |||| 00| 0 eng d | ||
| 020 | _a9780753462089 | ||
| 040 |
_aFISKH _beng _cFISKH _dFISKH |
||
| 050 | _aPN6231.S65 | ||
| 082 | _a818.60208 | ||
| 100 | _aSwift, Gary | ||
| 245 |
_aChampion crack-ups: _bMore than 150 sensational sports jokes / _cIllustrated by Gary Swift |
||
| 250 | _aFirst Paperback edition, June 2008 | ||
| 260 |
_aLondon : _bKingfisher, _c2007 |
||
| 300 |
_a64 pages : _billustrations ; _c20 cm |
||
| 490 | _aSidesplitters | ||
| 505 | _aF | ||
| 520 | _aPacked with more than 150 jokes, this winning compilation pokes fun at just about every sport--from soccer and swimming to baseball and basketball. Each joke is illustrated by a funny cartoon drawing. A must for any sports fan with a sense of humor,Champion Crackups will cheer up the sore sport on any team! | ||
| 521 | 8 |
_a340
_bLexile |
|
| 521 | 8 |
_aF
_bRaz-Plus |
|
| 650 |
_aJokes _vFiction |
||
| 942 |
_2ddc _cBK _n0 |
||
| 999 |
_c3290 _d3290 |
||